000 01046nam a2200241Ia 4500
999 _c41619
_d41619
001 8288
003 GE_BSU
005 20240422124900.0
008 181216s2009||||ge |||||||||||||| ||geo||
020 _a9789994087556
040 _cGE_BSU
041 _ageo
080 _a338.22(075.8)+338.46(075.8) წ–65
100 _aწიფიანი, გურიელ
_921906
245 _aმომსახურების ბიზნესის ადმინისტრირება /
_cგურიელ წიფიანი ; მეცნ. რედ. ქეთევან მარშავა.
264 _aთბილისი :
_bსიახლე,
_c2009.
300 _a83 გვ. ;
_c20 სმ.
504 _aბიბლიოგრაფია : გვ. 81-83
541 _h25ლ.
653 _aმომსახურების ბიზნესის ადმინისტრირება
700 _aმარშავა, ქეთევან
_eრედაქტორი
_95065
942 _cBK
_2udc